| 000 | 00656nam a22002177a 4500 | ||
|---|---|---|---|
| 005 | 20250304050055.0 | ||
| 008 | 240219b ||||| |||| 00| 0 eng d | ||
| 020 | _a9789391527983 | ||
| 040 |
_aIN-DiNC _cIN-DiNC |
||
| 041 | _dasm | ||
| 082 |
_a370.54 _bCHA |
||
| 100 |
_aChaliha, Beda Kumar _eauthor |
||
| 245 |
_aBharatbarshar shikshar itihas (GEC2)/ _cby Beda Kumar Chaliha, Tarun Saikia and Runu Bora Saikia |
||
| 250 | _a1st NEP ed. | ||
| 260 |
_aJorhat: _bBidya bhawan, _c2024. |
||
| 300 | _a184p. | ||
| 650 | _aHistory of Indian education (GEC2) | ||
| 700 |
_aSaikia, Tarun _eauthor |
||
| 700 |
_aSaikia, Runu Borah _eauthor |
||
| 942 |
_2ddc _cBK |
||
| 999 |
_c11732 _d11732 |
||